Statistics for United States by Population

Click here to take the quiz!

General Stats

  • This quiz has been taken 16 times
  • The average score is 25 of 51

Answer Stats

PopulationAnswer% Correct
39,512,223California
100%
28,995,881Texas
100%
21,477,737Florida
93%
19,453,561New York
93%
12,801,989Pennsylvania
79%
10,617,423Georgia
71%
12,671,821Illinois
71%
10,488,084North Carolina
71%
11,689,100Ohio
71%
7,278,717Arizona
64%
9,986,857Michigan
64%
8,535,519Virginia
64%
578,759Wyoming
64%
731,545Alaska
57%
6,892,503Massachusetts
57%
8,882,190New Jersey
57%
623,989Vermont
57%
7,614,893Washington
57%
6,732,219Indiana
50%
6,829,174Tennessee
50%
5,758,736Colorado
43%
1,787,065Idaho
43%
3,155,070Iowa
43%
5,639,632Minnesota
43%
6,137,428Missouri
43%
1,068,778Montana
43%
1,359,711New Hampshire
43%
762,062North Dakota
43%
1,059,361Rhode Island
43%
884,659South Dakota
43%
973,764Delaware
36%
1,415,872Hawaii
36%
4,467,673Kentucky
36%
1,344,212Maine
36%
6,045,680Maryland
36%
3,080,156Nevada
36%
2,096,829New Mexico
36%
4,217,737Oregon
36%
3,205,958Utah
36%
5,822,434Wisconsin
36%
4,903,185Alabama
29%
3,017,804Arkansas
29%
3,565,287Connecticut
29%
705,749District of Columbia
29%
2,913,314Kansas
29%
4,648,794Louisiana
29%
2,976,149Mississippi
29%
1,934,408Nebraska
29%
5,148,714South Carolina
29%
1,792,147West Virginia
29%
3,956,971Oklahoma
21%

Score Distribution

Percentile by Number Answered

Percent of People with Each Score

Your Score History

You have not taken this quiz